| 000 -LEADER |
| fixed length control field |
00518nam a22001697a 4500 |
| 008 - FIXED-LENGTH DATA ELEMENTS--GENERAL INFORMATION |
| fixed length control field |
170810b xxu||||| |||| 00| p tur d |
| 020 ## - INTERNATIONAL STANDARD BOOK NUMBER |
| International Standard Book Number |
9786051142265 |
| 041 ## - LANGUAGE CODE |
| Language code of text/sound track or separate title |
Türkçe |
| 100 ## - MAIN ENTRY--PERSONAL NAME |
| 9 (RLIN) |
686 |
| Personal name |
Cahit Koytak |
| 245 ## - TITLE STATEMENT |
| Title |
Yoksulların ve Şairlerin Kitabı İkinci Kitap |
| Remainder of title |
La Poetika Commedia |
| 250 ## - EDITION STATEMENT |
| Edition statement |
1. baskı |
| 260 ## - PUBLICATION, DISTRIBUTION, ETC. |
| Place of publication, distribution, etc. |
İstanbul |
| Name of publisher, distributor, etc. |
Timaş Yayınları |
| Date of publication, distribution, etc. |
Mayıs 2010 |
| 300 ## - PHYSICAL DESCRIPTION |
| Extent |
368 sayfa |
| 500 ## - GENERAL NOTE |
| General note |
Timaş Yayınları 2301; Cahit Koytak Kitaplığı 2 |
| 650 #0 - SUBJECT ADDED ENTRY--TOPICAL TERM |
| 9 (RLIN) |
145 |
| Topical term or geographic name entry element |
Türk Edebiyatı |
| 942 ## - ADDED ENTRY ELEMENTS (KOHA) |
| Source of classification or shelving scheme |
|
| Koha item type |
Books |